| 000 | 02122nam0a2200337 i 4500 | ||
|---|---|---|---|
| 001 | RU\NLR\BIBL_A\010576245 | ||
| 005 | 20241101004938.0 | ||
| 010 |
_a9785996109357 _970 |
||
| 021 |
_aRU _b2014-82031 _94992 |
||
| 035 | _a(NILC)RuMoRGB-007576597 | ||
| 035 | _a(NLR Aleph) 010576245 | ||
| 090 |
_a10443019 _c10443019 |
||
| 100 | _a20141224d2014 u y0rusy50 ca | ||
| 101 | 0 | _arus | |
| 102 | _aRU | ||
| 105 | _ay|||j||||||y| | ||
| 200 | 1 |
_aВведение в теорию моделирования систем управления _eучебное пособие _e[для студентов специальностей 220400.62, 220400.68 "Управление в технических системах", 220200.65 "Управление и информатика в технических системах"] _fП. И. Ковалев _gМ-во образования и науки Российской Федерации, Федеральное гос. бюджетное образовательное учреждение высш. проф. образования "Тюменский гос. нефтегазовый ун-т" |
|
| 210 |
_aТюмень _cТюмГНГУ _d2014 |
||
| 215 |
_a67 с. _cтабл. _d21 |
||
| 320 | _aБиблиогр.: с. 67 | ||
| 606 |
_aТехнические системы _jУчебные издания для высших учебных заведений _xМатематическое моделирование _92069232 _3RU\NLR\AUTH\661243928 |
||
| 606 |
_aФизические системы _jУчебные издания для высших учебных заведений _xМатематическое моделирование _91867288 _3RU\NLR\AUTH\661138377 |
||
| 686 | 1 | _aЖ13с116я73-1 | |
| 686 | 1 | _aВ3с11я73-1 | |
| 700 | 1 |
_aКовалев _bП. И. _cканд. физ.-мат. наук, информ. технологии _f1945- _gПротас Иванович _9140331 _3RU\NLR\AUTH\770140367 |
|
| 801 | 0 |
_aRU _bРГБ _c20141031 _gRCR |
|
| 801 | 1 |
_aRU _bРГБ _c20141031 _2rusmarc |
|
| 942 | _cBOOK | ||
| 980 | _aNBR | ||